[Event "Suvorov"]
[Site "Suvorov"]
[Date "2012.06.25"]
[Round "10"]
[White "Biriukov, Ilja"]
[Black "Ibrahimov, Rasul"]
[Result "0-1"]
[WhiteElo "2398"]
[BlackElo "2516"]
[PlyCount "102"]
[EventDate "2012.06.19"]
[EventType "tourn"]
[EventRounds "15"]
[EventCountry "RUS"]
[EventCategory "6"]
[SourceTitle "EXT 2013"]
[Source "ChessBase"]
[SourceDate "2012.11.22"]
[SourceVersion "1"]
[SourceVersionDate "2012.11.22"]
[SourceQuality "1"]

1. e4 d6 2. d4 g6 3. Nc3 Bg7 4. g3 Nf6 5. Bg2 0-0 6. Nge2 Nc6 7. 0-0 e5 8. dxe5 Nxe5 9. h3 Re8 10. f4 Nc6 11. g4 h5 12. g5 Nd7 13. Be3 Nc5 14. Qd2 Be6 15. f5 Bc4 16. f6 Bf8 17. b3 Ba6 18. Rfe1 Ne5 19. Nd5 c6 20. Ndf4 Qc7 21. c4 b5 22. cxb5 Bxb5 23. Nd4 Ba6 24. Rad1 Ned3 25. Nxd3 Nxd3 26. Bf1 Nxe1 27. Bxa6 c5 28. Rxe1 cxd4 29. Bxd4 d5 30. e5 Bc5 31. Bf1 Rac8 32. b4 Bxd4+ 33. Qxd4 Qc3 34. Qxc3 Rxc3 35. Bb5 Rb8 36. e6 fxe6 37. Bd7 Rxb4 38. Bxe6+ Kf8 39. Bxd5 Rg3+ 40. Kh2 Rxg5 41. Bb3 Rd4 42. f7 Rd2+ 43. Kh1 Rd8 44. Kh2 a5 45. Re4 Rc5 46. h4 Rc3 47. Kg1 Rcd3 48. Re5 a4 49. Bc4 Rc3 50. Be6 Rc2 51. Re1 Rdd2 0-1